00254nam a2200109Ia 4500008004100000100001700041245002900058260002300087650001000110942000700120999001700127190216s9999||||xx |||||||||||||| ||und|| aLathif Gongi 0aHindi-Meri Mouth Ka Badh bIndraprastha Press aHindi cBK c15495d15495